| 000 | 00727nam a2200205 i 4500 | ||
|---|---|---|---|
| 001 | 147744 | ||
| 003 | ES-MaACL | ||
| 005 | 20260612132717.0 | ||
| 007 | t| | ||
| 008 | 071005s1967 sp 00010 spa d | ||
| 100 | 1 |
_aUscatescu, Jorge, _d1919-1995 _9112293 |
|
| 245 | 1 | 3 |
_aEl derecho y la justicia en el mundo soviético y en la República Popular Rumana / _cJorge Uscatescu. |
| 260 |
_aMadrid : _bReus, _c1967. |
||
| 300 |
_a35 p. ; _c25 cm. |
||
| 595 | _aTirada aparte de: Revista general de legislación y jurisprudencia, noviembre de 1967 | ||
| 650 | 4 |
_aAdministración de justicia- _zURSS. _9174800 |
|
| 650 | 4 |
_aAdministración de justicia- _zRumanía. _99628 |
|
| 852 | 4 |
_aES-MaACL _j2062-F-20 |
|
| 999 |
_c147744 _d147744 |
||